[Event "I Torneo del Conero"]
[Site "?"]
[Date "2026.04.12"]
[Round "5"]
[White "Sirghi, Timotei"]
[Black "Patrignani, Tiziano"]
[Result "0-1"]
[WhiteElo "1871"]
[BlackElo "2098"]
[WhiteFideId "-1"]
[BlackFideId "-1"]
[PlyCount "52"]
[GameId "2299258243702877"]
[EventDate "2025.??.??"]
[SourceVersionDate "2026.04.15"]

{[%evp 0,52,8,-10,-1,-9,2,3,18,-21,-13,-27,-26,-59,-40,-58,-60,-94,-84,-119,-88,-182,-153,-189,-161,-213,-206,-226,-255,-211,-194,-246,-165,-166,-151,-145,-158,-172,-142,-133,-164,-196,-171,-335,-295,-341,-320,-365,-371,-388,-392,-1265,-1207,-1663,-1614]} 1. b3 d5 2. Bb2 Nf6 3. e3 g6 4. f4 Bg7 5. Nf3 O-O 6. Nc3 c5 7. Ne2 Nc6 8. Nc1 d4 9. Nd3 Ne4 10. Nde5 dxe3 11. dxe3 Qa5+ 12. Nd2 Nxe5 13. fxe5 Rd8 14. Bd3 Bg4 15. Qc1 Nxd2 16. Qxd2 Qc7 17. Qf2 Bxe5 18. Bxe5 Qxe5 19. O-O Be6 20. a4 Rac8 21. Be2 Rd2 22. Rac1 Rcd8 23. Qf3 Bd5 24. e4 Qxe4 25. Bd3 Rxg2+ 26. Kxg2 Qg4+ 0-1